Państwa na litery P, O, L, S, K, A - Statystyki

Ogólne statystyki
  • Ten quiz został rozwiązany 9 445 razy
  • Średni wynik to 39 z 68
Statystyki odpowiedzi
Hint Odpowiedź % Poprawnych
O Oman
96%
P Polska
89%
P Portugalia
89%
L Litwa
79%
S Szwecja
79%
P Peru
75%
L Libia
74%
L Liban
73%
P Paragwaj
72%
P Panama
71%
S Słowacja
71%
S Słowenia
71%
P Pakistan
70%
S Szwajcaria
69%
A Andora
68%
A Armenia
66%
A Australia
66%
L Liechtenstein
66%
L Luksemburg
66%
A Azerbejdżan
64%
A Austria
63%
L Laos
63%
A Albania
61%
S Serbia
61%
A Argentyna
60%
A Afganistan
59%
K Kanada
59%
A Angola
58%
K Kazachstan
57%
K Kirgistan
57%
L Liberia
57%
P Palau
56%
K Kolumbia
55%
A Algieria
54%
K Korea Północna
53%
K Korea Południowa
53%
S Sudan
53%
K Kenia
52%
S Somalia
52%
S Senegal
51%
S Seszele
51%
K Kambodża
50%
K Kostaryka
49%
L Lesotho
49%
S Surinam
49%
A Arabia Saudyjska
48%
S San Marino
48%
S Sudan Południowy
48%
P Papua-Nowa Gwinea
47%
A Antigua i Barbuda
46%
K Kongo
46%
K Kosowo
46%
K Kuwejt
46%
K Kamerun
45%
S Salwador
45%
S Stany Zjednoczone
45%
K Katar
44%
K Kiribati
43%
S Saint Lucia
43%
S Samoa
43%
S Singapur
43%
S Sri Lanka
43%
K Kuba
42%
S Syria
42%
S Saint Kitts i Nevis
41%
S Saint Vincent i Grenadyny
40%
K Komory
34%
S Sierra Leone
33%
Nie znaleziono quizów pasujących do podanych kryteriów
Rozkład punktacji
Procent ludzi z każdym wynikiem
Percentyl według liczby udzielonych odpowiedzi
Twoja historia wyników
Nie rozwiązałeś tego quizu